Shogun 2 Clan Quiz - Statistics

General Stats
  • This quiz has been taken 118 times
    114 since last reset
  • The average score is 19 of 58
Answer Stats
Hint Answer % Correct
major Date
84%
major Takeda
80%
major Oda
76%
major Chosokabe
75%
major Hojo
75%
DLC Ikko-ikki
75%
major Tokugawa
73%
major Uesugi
73%
major Shimazu
71%
major Mori
69%
DLC Otomo
69%
DLC Hattori
67%
european Portugal
55%
minor Ashikaga
53%
minor Imagawa
53%
minor e
39%
minor e
37%
pirates Wako Pirates
37%
minor Ito
33%
minor Amako
31%
minor Honma
31%
minor Mogami
31%
minor Shoni
31%
minor Miyoshi
29%
rebels Christian Rebels
27%
minor Ouchi
27%
minor Asai
25%
minor Kitabatake
25%
minor Sagara
25%
minor Ashina
24%
rebels Buddhist Rebels
24%
minor Kono
24%
minor Satto
24%
minor Kiso
22%
minor Bessho
20%
minor Hatekayama
20%
minor Jinbo
20%
minor Ogigayatsu
20%
minor Sakai
20%
minor Satake
20%
minor Tsutsui
20%
minor Kikkawa
18%
minor Murakami
18%
minor Satomi
18%
minor Toyotomi
18%
minor Anegakoji
16%
minor Sogo
16%
minor Urakami
14%
minor Matsuda
12%
minor Hatano
10%
minor Hosokawa
10%
minor Kobayakawa
10%
minor Takaoka
10%
minor Utsunomiya
10%
minor Asano
8%
minor Ishida
8%
minor Kuroda
6%
minor Ukita
6%
No matching quizzes found
Score Distribution
Percent of People with Each Score
Percentile by Number Answered
Your Score History
You have not taken this quiz since the last reset